[Event "Leipzig VfB op 25th"]
[Site "Leipzig"]
[Date "2018.03.24"]
[Round "8"]
[White "Neumann, Uwe"]
[Black "Haag, Wadim"]
[Result "0-1"]
[WhiteElo "1598"]
[BlackElo "1763"]
[PlyCount "82"]
[EventDate "2018.03.20"]
[EventType "swiss"]
[EventRounds "9"]
[EventCountry "GER"]
[SourceTitle "CBM 183 Extra"]
[Source "ChessBase"]
[SourceDate "2018.04.19"]
[SourceVersion "1"]
[SourceVersionDate "2018.04.19"]
[SourceQuality "1"]

1. e4 c5 2. Nc3 Nc6 3. Nf3 e6 4. d3 Be7 5. Be3 Nf6 6. Be2 d5 7. exd5 exd5 8. d4 b6 9. h3 0-0 10. 0-0 Bf5 11. Bd3 Be4 12. Bxe4 dxe4 13. Ne5 Nxd4 14. Bxd4 cxd4 15. Nc6 Qc7 16. Nxe7+ Qxe7 17. Qxd4 Rad8 18. Qe3 Qb4 19. Rab1 Qd4 20. Rfe1 Rfe8 21. Rbd1 Qxe3 22. fxe3 a6 23. Kf2 b5 24. a3 h5 25. Ne2 Nd5 26. Rd4 Nb6 27. Red1 Rc8 28. Nc3 Nc4 29. Nxe4 Nxb2 30. Nd6 Nxd1+ 31. Rxd1 Rxc2+ 32. Kf3 Rd8 33. Rd4 Rc3 34. Nxb5 Rxd4 35. Nxc3 Rd3 36. Ne2 Rxa3 37. Nd4 a5 38. Nc6 a4 39. g4 hxg4+ 40. hxg4 Rc3 41. Nb4 Rb3 0-1

[Event "Leipzig VfB op 24th"]
[Site "Leipzig"]
[Date "2017.03.25"]
[Round "9"]
[White "Krajinski, Lutz"]
[Black "Neumann, Uwe"]
[Result "1-0"]
[WhiteElo "1682"]
[BlackElo "1627"]
[PlyCount "89"]
[EventDate "2017.03.21"]
[EventType "swiss"]
[EventRounds "9"]
[EventCountry "GER"]
[SourceTitle "EXT 2018"]
[Source "ChessBase"]
[SourceDate "2017.10.13"]
[SourceVersion "1"]
[SourceVersionDate "2017.10.13"]
[SourceQuality "1"]

1. d4 d5 2. c4 dxc4 3. e4 e6 4. Bxc4 a6 5. a3 b5 6. Bd3 h6 7. Ne2 c6 8. 0-0 Nf6 9. h3 Bb7 10. Be3 Be7 11. Nbc3 Nbd7 12. Rc1 Rc8 13. Bb1 Nb6 14. Ba2 c5 15. f3 c4 16. Bb1 Bc6 17. d5 exd5 18. Qd4 dxe4 19. Qxb6 Qxb6 20. Bxb6 exf3 21. gxf3 Bd8 22. Kg2 0-0 23. Rfd1 Bd7 24. Bd4 Be6 25. Ne4 Nd5 26. N4c3 Re8 27. Be4 Ne7 28. Bb7 Rb8 29. Bxa6 b4 30. axb4 Rxb4 31. Ne4 Bb6 32. Bc3 Nd5 33. Rxd5 Bxd5 34. Bxb4 Bxe4 35. Bxc4 Bc6 36. Bc3 Rc8 37. Bd3 Be3 38. Ng3 g6 39. Ne4 Bf4 40. Re1 Bxe4 41. Rxe4 g5 42. Ra4 Bd6 43. Bf5 Re8 44. Rc4 Bf8 45. Rc8 1-0

[Event "Leipzig VfB op 24th"]
[Site "Leipzig"]
[Date "2017.03.23"]
[Round "4"]
[White "Neumann, Uwe"]
[Black "Stieler, Sebastian"]
[Result "0-1"]
[WhiteElo "1627"]
[BlackElo "1832"]
[PlyCount "180"]
[EventDate "2017.03.21"]
[EventType "swiss"]
[EventRounds "9"]
[EventCountry "GER"]
[SourceTitle "EXT 2018"]
[Source "ChessBase"]
[SourceDate "2017.10.13"]
[SourceVersion "1"]
[SourceVersionDate "2017.10.13"]
[SourceQuality "1"]

1. e4 e5 2. Nf3 Nc6 3. Bc4 Bc5 4. Nc3 Nf6 5. 0-0 d6 6. h3 h6 7. d3 Nh7 8. a3 f5 9. exf5 Bxf5 10. Na4 Bb6 11. Nxb6 axb6 12. Re1 Qd7 13. Nh4 0-0-0 14. Nxf5 Qxf5 15. Bd5 Nf6 16. Be4 Nxe4 17. dxe4 Qe6 18. c3 g5 19. Qd5 Qf6 20. Be3 Rdf8 21. f3 Ne7 22. Qd2 Ng6 23. Rf1 Nf4 24. Kh2 h5 25. Rf2 Qe6 26. Raf1 g4 27. Bxf4 exf4 28. fxg4 hxg4 29. Rxf4 Rxf4 30. Rxf4 gxh3 31. g3 Qg6 32. Qf2 Re8 33. Qf3 d5 34. exd5 Qc2+ 35. Kxh3 Qxb2 36. Rf8 Rxf8 37. Qxf8+ Kd7 38. Qf7+ Kd8 39. Qf6+ Kc8 40. Qe6+ Kd8 41. Qf6+ Kd7 42. a4 Qb3 43. Qd4 c5 44. Qg4+ Kc7 45. Qf4+ Kd7 46. Qf7+ Kc8 47. Qf8+ Kd7 48. Qf5+ Kc7 49. Qe5+ Kd7 50. Qe6+ Kd8 51. Qe5 Qxa4 52. d6 Qd7+ 53. g4 Qh7+ 54. Kg3 Qd3+ 55. Kf4 Qc4+ 56. Kf5 Qd3+ 57. Kg5 Qd2+ 58. Kg6 Qd3+ 59. Kg7 Kd7 60. Qe7+ Kc6 61. d7 Qxd7 62. Qxd7+ Kxd7 63. Kf7 b5 64. g5 b4 65. cxb4 cxb4 66. g6 b3 67. g7 b2 68. g8Q b1Q 69. Qe8+ Kc7 70. Qe5+ Kc6 71. Qe8+ Kc5 72. Qc8+ Kd4 73. Qd7+ Ke3 74. Qh3+ Kd2 75. Qh6+ Kc3 76. Qf6+ Kc4 77. Qe6+ Kb5 78. Qd7+ Ka5 79. Qd2+ Qb4 80. Qa2+ Kb6 81. Qe6+ Kc7 82. Qe5+ Qd6 83. Qc3+ Qc6 84. Qe5+ Kc8 85. Qh8+ Kc7 86. Qe5+ Qd6 87. Qc3+ Kb8 88. Qh8+ Ka7 89. Qa1+ Qa6 90. Qd4+ b6 0-1

[Event "Leipzig VfB op 23rd"]
[Site "Leipzig"]
[Date "2016.03.16"]
[Round "3"]
[White "Seichter, Andreas"]
[Black "Neumann, Uwe"]
[Result "1/2-1/2"]
[WhiteElo "1787"]
[BlackElo "1638"]
[PlyCount "114"]
[EventDate "2016.03.15"]
[EventType "swiss"]
[EventRounds "9"]
[EventCountry "GER"]
[SourceTitle "EXT 2017"]
[Source "ChessBase"]
[SourceDate "2016.10.25"]
[SourceVersion "1"]
[SourceVersionDate "2016.10.25"]
[SourceQuality "1"]

1. e4 e5 2. Nf3 Nc6 3. Bc4 Bc5 4. c3 Nf6 5. d3 h6 6. b4 Bd6 7. Nbd2 0-0 8. Nf1 a6 9. Ng3 Ne7 10. 0-0 c6 11. d4 Ng6 12. Re1 Bc7 13. Qd2 b5 14. Bb3 d6 15. a4 Bg4 16. Re3 Nf4 17. Ne2 g5 18. Bc2 N6h5 19. Ng3 Nxg3 20. hxg3 Ng6 21. Nh2 Bd7 22. Qe2 f6 23. Qh5 Kg7 24. Ng4 Rh8 25. Rd3 Be8 26. Qh2 Bd7 27. Ne3 Qc8 28. Rd1 Rf8 29. f3 Qb7 30. Kf2 Rae8 31. Rh1 Rh8 32. Bb2 Qc8 33. Ra3 Ref8 34. Rha1 a5 35. bxa5 Qb7 36. axb5 Qxb5 37. Bc1 Ra8 38. Bd2 Qa6 39. Qg1 Rhb8 40. Qf1 Qxf1+ 41. Kxf1 Ne7 42. Ke2 Bc8 43. R1a2 Ra7 44. Bd3 Ba6 45. Bxa6 Rxa6 46. Kd3 exd4 47. cxd4 d5 48. g4 dxe4+ 49. fxe4 Bd6 50. Ra4 Bc7 51. Kc4 Nc8 52. Nf5+ Kg6 53. Bb4 Na7 54. Bd6 Bxd6 55. Nxd6 h5 56. gxh5+ Kxh5 57. Rf2 Kg6 1/2-1/2

[Event "Leipzig VfB op 23rd"]
[Site "Leipzig"]
[Date "2016.03.15"]
[Round "1"]
[White "Neumann, Uwe"]
[Black "Herrmann, Markus"]
[Result "0-1"]
[WhiteElo "1638"]
[BlackElo "2010"]
[PlyCount "64"]
[EventDate "2016.03.15"]
[EventType "swiss"]
[EventRounds "9"]
[EventCountry "GER"]
[SourceTitle "EXT 2017"]
[Source "ChessBase"]
[SourceDate "2016.10.25"]
[SourceVersion "1"]
[SourceVersionDate "2016.10.25"]
[SourceQuality "1"]

1. e4 e5 2. Nf3 Nc6 3. Nc3 Nf6 4. d3 g6 5. Be2 Bg7 6. Bg5 h6 7. Bh4 d6 8. h3 g5 9. Bg3 Ng8 10. Qd2 Nge7 11. h4 g4 12. Nh2 h5 13. f3 Bh6 14. Qd1 f5 15. Bf2 Rg8 16. g3 Nd4 17. Nf1 c5 18. Ne3 Be6 19. Ned5 Nxd5 20. Nxd5 Bxd5 21. exd5 Qe7 22. c3 Nxe2 23. Qxe2 0-0-0 24. b4 Qf7 25. c4 cxb4 26. Bxa7 Rde8 27. 0-0 f4 28. Bf2 fxg3 29. Bxg3 Bf4 30. Kh2 Bxg3+ 31. Kh1 Qe7 32. Kg2 Bf4 0-1

[Event "Leipzig VfB op 21st"]
[Site "Leipzig"]
[Date "2014.03.05"]
[Round "2"]
[White "Neumann, Uwe"]
[Black "Didt, Hartmut"]
[Result "1-0"]
[WhiteElo "1720"]
[BlackElo "1884"]
[PlyCount "75"]
[EventDate "2014.03.04"]
[EventType "tourn"]
[EventRounds "9"]
[EventCountry "GER"]
[SourceTitle "CBM 159 Extra"]
[Source "ChessBase"]
[SourceDate "2014.04.24"]
[SourceVersion "1"]
[SourceVersionDate "2014.04.24"]
[SourceQuality "1"]

1. e4 c6 2. Nc3 d5 3. exd5 cxd5 4. d4 Nc6 5. Be3 Nf6 6. Bd3 Bg4 7. f3 Bh5 8. Qd2 e6 9. a3 a6 10. Nh3 Bd6 11. Qf2 Qc7 12. g3 Bg6 13. Qd2 Nh5 14. 0-0-0 b5 15. Na2 Na5 16. Bxg6 hxg6 17. Kb1 Rc8 18. Rc1 Nc4 19. Qd3 Qa5 20. Ka1 Nf6 21. Nf2 Nd7 22. f4 Ndb6 23. h4 Nxb2 24. Kxb2 Na4+ 25. Ka1 Rc3 26. Bd2 b4 27. Bxc3 Nxc3 28. Nd1 Nb5 29. c4 bxc3 30. Ndxc3 Qxa3 31. Rhd1 Kd7 32. Nxb5 axb5 33. Qxb5+ Ke7 34. Rd3 Qa7 35. Qb1 Rb8 36. Qc2 Qb6 37. Rb1 Qa5 38. Rd2 1-0

[Event "Leipzig VfB op 20th"]
[Site "Leipzig"]
[Date "2013.03.07"]
[Round "5"]
[White "Didt, Hartmut"]
[Black "Neumann, Uwe"]
[Result "1/2-1/2"]
[WhiteElo "1885"]
[BlackElo "1376"]
[PlyCount "53"]
[EventDate "2013.03.05"]
[EventType "swiss"]
[EventRounds "9"]
[EventCountry "GER"]
[SourceTitle "EXT 2014"]
[Source "ChessBase"]
[SourceDate "2013.11.20"]
[SourceVersion "1"]
[SourceVersionDate "2013.11.20"]
[SourceQuality "1"]

1. e4 e5 2. Nf3 d6 3. d4 Nd7 4. Bb5 c6 5. Bc4 b5 6. Bb3 h6 7. 0-0 Ngf6 8. h3 Be7 9. Qe2 Bb7 10. a3 0-0 11. Nc3 a6 12. Rd1 Qc7 13. Be3 Rad8 14. Rac1 Rfe8 15. Nh2 Nb6 16. Ng4 Nxg4 17. Qxg4 Bc8 18. Qg3 Kf8 19. f4 Bf6 20. dxe5 dxe5 21. f5 c5 22. Nd5 Nxd5 23. Bxd5 c4 24. b4 Rd7 25. Qf3 Red8 26. g4 Bb7 27. Bxb7 1/2-1/2

[Event "Hessen-ch Gr-C 62nd"]
[Site "Hanau"]
[Date "2008.03.21"]
[Round "4"]
[White "Enders, Georg"]
[Black "Neumann, Uwe"]
[Result "1/2-1/2"]
[WhiteElo "2042"]
[BlackElo "1716"]
[PlyCount "101"]
[EventDate "2008.03.19"]
[EventType "swiss"]
[EventRounds "7"]
[EventCountry "GER"]
[SourceTitle "CBM 123 Extra"]
[Source "ChessBase"]
[SourceDate "2008.05.06"]
[SourceVersion "1"]
[SourceVersionDate "2008.05.06"]
[SourceQuality "1"]

1. e4 e6 2. d4 d5 3. Nc3 dxe4 4. Nxe4 Nd7 5. Nf3 Ngf6 6. Bd3 c5 7. c3 cxd4 8. Nxd4 Nxe4 9. Bxe4 Nc5 10. Bc2 e5 11. Qe2 Qe7 12. Nb3 Qc7 13. 0-0 Bd6 14. Nxc5 Bxc5 15. Ba4+ Bd7 16. Bxd7+ Kxd7 17. Rd1+ Ke7 18. Be3 Rhe8 19. Bxc5+ Qxc5 20. Qg4 Kf8 21. Rd7 e4 22. Qf4 Re7 23. Rad1 Rae8 24. Rd8 e3 25. Rxe8+ Rxe8 26. fxe3 Qxe3+ 27. Qxe3 Rxe3 28. Rd7 Re7 29. Rd8+ Re8 30. Rd4 Re7 31. Kf2 Ke8 32. Kf3 Re6 33. a4 Ke7 34. Rb4 b6 35. a5 Kd7 36. axb6 axb6 37. Ra4 Rc6 38. Rg4 Rf6+ 39. Ke3 g6 40. Kd3 Rf5 41. b4 Kd6 42. c4 h5 43. Rd4+ Kc7 44. Ke3 f6 45. Rf4 Rxf4 46. Kxf4 Kd6 47. h4 Ke6 48. g3 Kd6 49. Ke4 Kc6 50. Kf4 Kd6 51. Ke4 1/2-1/2

[Event "Hamburg Junge op"]
[Site "Hamburg"]
[Date "2005.10.07"]
[Round "5"]
[White "Neumann, Uwe"]
[Black "Knops, Peter"]
[Result "0-1"]
[WhiteElo "1872"]
[BlackElo "2079"]
[PlyCount "60"]
[EventDate "2005.10.01"]
[EventType "swiss"]
[EventRounds "9"]
[EventCountry "GER"]
[SourceTitle "CBM 108 Extra"]
[Source "ChessBase"]
[SourceDate "2005.11.04"]
[SourceVersion "1"]
[SourceVersionDate "2005.11.04"]
[SourceQuality "1"]

1. e4 c5 2. f4 d6 3. Nf3 Nc6 4. Bb5 Bd7 5. 0-0 g6 6. d3 Bg7 7. Nc3 e6 8. Bxc6 Bxc6 9. Qe1 Ne7 10. Kh1 d5 11. exd5 Nxd5 12. Nxd5 Qxd5 13. a4 b6 14. Ra3 Rd8 15. c4 Qf5 16. Nh4 Qh5 17. f5 Bf6 18. Nf3 gxf5 19. d4 cxd4 20. Ne5 Be4 21. Bf4 d3 22. Rf2 Rg8 23. Nf3 Qg4 24. Bg3 Be7 25. b4 a5 26. c5 axb4 27. Raa2 Bxc5 28. Ne5 Qh5 29. Rf4 Rxg3 30. h3 Qxh3# 0-1

[Event "Hamburg Junge op"]
[Site "Hamburg"]
[Date "2005.10.02"]
[Round "2"]
[White "Kaye, Ferdinand"]
[Black "Neumann, Uwe"]
[Result "1/2-1/2"]
[WhiteElo "2060"]
[BlackElo "1872"]
[PlyCount "106"]
[EventDate "2005.10.01"]
[EventType "swiss"]
[EventRounds "9"]
[EventCountry "GER"]
[SourceTitle "CBM 108 Extra"]
[Source "ChessBase"]
[SourceDate "2005.11.04"]
[SourceVersion "1"]
[SourceVersionDate "2005.11.04"]
[SourceQuality "1"]

1. Nf3 d5 2. c4 d4 3. g3 Nc6 4. Bg2 Bg4 5. d3 Qd7 6. h3 Bh5 7. Na3 e6 8. Nc2 f6 9. 0-0 e5 10. Bd2 g5 11. Nh2 Nge7 12. b4 Rb8 13. Re1 Bg7 14. b5 Nd8 15. Nb4 c5 16. bxc6 Ndxc6 17. Rb1 0-0 18. Rb2 Nd8 19. a4 Ne6 20. a5 Kh8 21. Nf3 Nc5 22. Qa1 g4 23. hxg4 Bxg4 24. Reb1 e4 25. dxe4 f5 26. e5 d3 27. exd3 Bxf3 28. Bxf3 Bxe5 29. Qa3 f4 30. Nd5 fxg3 31. Bc3 Nxd3 32. Bxe5+ Nxe5 33. Bg2 Nxd5 34. cxd5 gxf2+ 35. Kf1 Qg4 36. Qc3 Rbe8 37. Re2 Rg8 38. Rxf2 Qg7 39. Re1 Ng4 40. Qxg7+ Kxg7 41. Rfe2 Rgf8+ 42. Kg1 Rxe2 43. Rxe2 Nf6 44. Rc2 Rd8 45. Rc7+ Rd7 46. d6 Kf8 47. Bxb7 Rxd6 48. a6 Ke8 49. Rc8+ Kd7 50. Ra8 Kc7 51. Rxa7 Kb6 52. Ra8 Re6 53. Rc8 Ne8 1/2-1/2